=LDR 00000nam 2200000 4500 =001 INLIS000000000039559 =005 20130612145159 =008 ***********************************ind** =035 ##$$0010-061300000039559 =041 ##$$a ind =082 ##$$a 658.403 =090 ##$$a 658.403 , Wei,r =100 ##$$a Weiss,Jonald H =245 ##$$a Rahasia Sukses Membuat Keputusan Secara Tepat , Jonal H.Weiss =260 ##$$a 2010 $b Jakarta =300 ##$$a 128 hlm. , 16 cm =650 ##$$a PENGAMBILAN KEPUTUSAN =850 ##$$a NBPNMAT =990 ##$$a 21196067/BPAP-NTB/2014 =990 ##$$a 0001/BPAP-NTB/20142014 =990 ##$$a 0001/BPAP-NTB/20142015